000 00513nam a2200181 i 4500
001 90794
003 ES-MaACL
005 20230906180549.0
007 t|
008 050125s1963 sp ||||1| cat d
100 1 _aLeclercq, Jacques.
_971094
245 1 0 _aVers una familia nova /
_cJacques Leclercq ; traductor, Joana Givanel.
250 _a[1ยช ed.].
260 _aBarcelona :
_bEstela,
_c[1963]
300 _a183 p. ;
_c18 cm.
700 1 _aGivanel, Johanna.
_957379
852 _aES-MaACL
_jC-25119
_bR.53786
999 _c90794
_d90794